Canadian Family Law

Detalles Bibliográficos
Autor principal: Payne, Julien D.
Otros Autores: Payne, Marilyn A.
Formato: eBook
Lenguaje:inglés
Publicado: Toronto: Irwin Law Inc., 2011
Edición:Cuarta Edicin̤
Materias:
Acceso en línea:Acceso restringido

MARC

LEADER 00000nam a22000007a 4500
005 20210908233145.0
007 cr|||| ||||
008 210908s2011 ca |||||s|||| 00||0 eng d
020 |a 9781552212226 
035 |a 35388 
040 |a vLex 
090 |c 12348  |d 12348 
100 1 |a Payne, Julien D. 
245 1 0 |a Canadian Family Law  |h [Recurso electrn̤ico] /  |c Julien D. Payne, Marilyn A. Payne 
250 |a Cuarta Edicin̤ 
256 |a Servicio en ln̕ea 
260 |a Toronto:  |b Irwin Law Inc.,  |c 2011 
300 |a 1 recurso electrn̤ico 
506 1 |a Disponible solo en los productos indicados  |d vLex Global  |d vLex Global (Academic Edition, excluding Law Schools)  |d vLex Global (U.S. Academic Edition, Law Schools)  |d vLex Global (U.S. Academic Edition, excluding Law Schools)  |d vLex Global (Academic Edition, Law Schools) 
650 0 4 |a Familia y Sucesiones  |z Canad̀ 
700 1 |a Payne, Marilyn A. 
740 0 |a vLex Libros (Servicio en ln̕ea) 
856 4 0 |u https://app.vlex.com/#/sources/35388  |z Acceso restringido 
942 |c BOOK 
999 0 |a Family and Successions